| 000 | 00414nam a2200145Ia 4500 | ||
|---|---|---|---|
| 008 | 140316s9999 xx 000 0 und d | ||
| 020 | _a | ||
| 082 |
_a338.642 _bJAG/IN |
||
| 100 | _aJagit ,Singh | ||
| 245 | _aInternational marketing and management of small enterprises | ||
| 260 |
_aNew Delhi _bInstitute of marketing Management _c1985 |
||
| 300 | _a156 | ||
| 650 | _aOrganisation of production | ||
| 942 |
_2ddc _cBK |
||
| 999 |
_c4569 _d4569 |
||